| 000 | 01671cam a2200301 4500 | ||
|---|---|---|---|
| 008 | 050315n2005 000 0 eng u | ||
| 020 | _a0199279195 | ||
| 035 | _a(Sirsi) u129064 | ||
| 041 | _aeng | ||
| 050 |
_a346.41013 _c18 |
||
| 100 | _aMonaghan, Karon | ||
| 245 | _aBlackstone's guide to the disability discrimination legislation | ||
| 260 |
_aOxford _bOxford University Press _c2005 |
||
| 300 |
_alxix, 570p. _c24cm. |
||
| 350 | _a34.95 | ||
| 520 | _aThis practical and easy-to-use guide describes and explains the changes to the Disability Discrimination Act 1995 as a result of the new legislation. Contains a copy of the Disability Discrimination Act 1995 (Amendment) Regulations 2003 and extracts from the Disability Discrimination Act 1995 Codes of Practice. Details the UK obligations under European law. Includes a preview of the anticipated changes introduced by the new Disability Discrimination Bill, due to be enacted in 2005-06, allowing readers to prepare for future changes in advance. Provides a vital companion for anyone working in or seeking to understand this complex area of the law, including barristers, solicitors, service providers and advisors. | ||
| 590 | _aNB | ||
| 650 | _aDISABILITY DISCRIMINATION ACT 1995 | ||
| 650 | _aDISABILITY DISCRIMINATION ACT 1995 (AMENDMENT) REGULATIONS 2003 | ||
| 650 | _aHUMAN RIGHTS ACT 1998 | ||
| 650 | _aDISABLED PEOPLE | ||
| 650 | _aMANAGEMENT-BUSINESS MANAGEMENT-DISCRIMINATION-DISABILITY DISCRIMINATION-ACCESSIBILITY | ||
| 650 | _aEQUAL OPPORTUNITIES | ||
| 650 | _aDRAFT DISABILITY DISCRIMINATION BILL 2003 | ||
| 650 | _aDIRECTIVE 2000/78/EC | ||
| 690 | _aLAW-UK | ||
| 942 | _n0 | ||
| 999 |
_c104094 _d104094 |
||